[Event "Kazan Region-ch 6th"]
[Site "Kazan"]
[Date "2008.01.28"]
[Round "6"]
[White "Bitkinin, Lenar"]
[Black "Yaksin, Oleg"]
[Result "1-0"]
[WhiteElo "2128"]
[BlackElo "2322"]
[PlyCount "51"]
[EventDate "2008.01.23"]
[EventType "swiss"]
[EventRounds "9"]
[EventCountry "RUS"]
[SourceTitle "CBM 122 Extra"]
[Source "ChessBase"]
[SourceDate "2008.03.04"]
[SourceVersion "1"]
[SourceVersionDate "2008.03.04"]
[SourceQuality "1"]

1. d4 d5 2. Nf3 Nf6 3. c4 e6 4. Nc3 Be7 5. Bg5 c6 6. e3 Nbd7 7. Rc1 0-0 8. a3 a6 9. Qc2 dxc4 10. Bxc4 b5 11. Ba2 c5 12. 0-0 Bb7 13. dxc5 Nxc5 14. Rfd1 Qb6 15. Bb1 g6 16. b4 Nce4 17. Nxe4 Bxe4 18. Qb2 Bxb1 19. Bxf6 Bxf6 20. Qxf6 Bf5 21. Ne5 Ra7 22. Nd7 Qd8 23. Qxd8 Rxd8 24. Nf6+ Kg7 25. Nh5+ gxh5 26. Rxd8 1-0

[Event "Kazan Region-ch 6th"]
[Site "Kazan"]
[Date "2008.01.26"]
[Round "4"]
[White "Bitkinin, Lenar"]
[Black "Islamov, Marat"]
[Result "0-1"]
[WhiteElo "2128"]
[BlackElo "2210"]
[PlyCount "82"]
[EventDate "2008.01.23"]
[EventType "swiss"]
[EventRounds "9"]
[EventCountry "RUS"]
[SourceTitle "CBM 122 Extra"]
[Source "ChessBase"]
[SourceDate "2008.03.04"]
[SourceVersion "1"]
[SourceVersionDate "2008.03.04"]
[SourceQuality "1"]

1. d4 Nf6 2. c4 g6 3. Nc3 Bg7 4. e4 d6 5. f3 0-0 6. Be3 Nbd7 7. Qd2 c5 8. Nge2 cxd4 9. Nxd4 Ne5 10. Be2 Bd7 11. 0-0 Rc8 12. b3 a6 13. Rac1 Nc6 14. Rfd1 Nh5 15. Nd5 Nxd4 16. Bxd4 Bc6 17. Be3 Bxd5 18. Qxd5 Qc7 19. f4 Nf6 20. Qd3 Rfd8 21. Bf3 Nd7 22. Qe2 e6 23. Qf2 a5 24. f5 Nc5 25. Bg5 Re8 26. f6 h6 27. Bf4 e5 28. Be3 Bf8 29. Qh4 Kh7 30. g4 Ne6 31. g5 Nf4 32. Bxf4 exf4 33. Rd5 Re5 34. Rcd1 Rce8 35. Kh1 Rxd5 36. Rxd5 Re5 37. Qg4 hxg5 38. Rd2 Qd8 39. h4 Qxf6 40. hxg5 Rxg5 41. Qh3+ Bh6 0-1

[Event "Kazan City-ch"]
[Site "Kazan"]
[Date "2007.12.01"]
[Round "5"]
[White "Bitkinin, Lenar"]
[Black "Vasilov, Artur"]
[Result "1/2-1/2"]
[WhiteElo "2117"]
[BlackElo "2194"]
[PlyCount "48"]
[EventDate "2007.11.24"]
[EventType "swiss"]
[EventRounds "11"]
[EventCountry "RUS"]
[SourceTitle "EXT 2009"]
[Source "ChessBase"]
[SourceDate "2008.11.26"]
[SourceVersion "1"]
[SourceVersionDate "2008.11.26"]
[SourceQuality "1"]

1. d4 Nf6 2. c4 e6 3. Nf3 b6 4. e3 Bb7 5. Bd3 Be7 6. 0-0 0-0 7. Nc3 c5 8. e4 cxd4 9. Nxd4 d6 10. f4 Nbd7 11. Nb3 Rc8 12. Qe2 e5 13. f5 Ba6 14. g4 Nc5 15. Nxc5 dxc5 16. g5 Ne8 17. h4 f6 18. g6 h6 19. Nd5 Nc7 20. Qh5 Bd6 21. Rf2 Qd7 22. Rg2 Nxd5 23. exd5 Rfe8 24. Be4 Bb7 1/2-1/2

[Event "Tatarstan-ch op"]
[Site "Kazan"]
[Date "2007.08.27"]
[Round "8"]
[White "Bitkinin, Lenar"]
[Black "Baharev, Vladimir"]
[Result "1/2-1/2"]
[WhiteElo "2117"]
[BlackElo "2218"]
[PlyCount "138"]
[EventDate "2007.08.20"]
[EventType "swiss"]
[EventRounds "9"]
[EventCountry "RUS"]
[SourceTitle "EXT 2009"]
[Source "ChessBase"]
[SourceDate "2008.11.26"]
[SourceVersion "1"]
[SourceVersionDate "2008.11.26"]
[SourceQuality "1"]

1. d4 Nf6 2. c4 c5 3. d5 e5 4. Nc3 d6 5. e4 Be7 6. f3 Nh5 7. g3 g6 8. Be3 0-0 9. Qd2 Na6 10. 0-0-0 Nc7 11. f4 f6 12. Be2 Ng7 13. Nf3 Nce8 14. Rhg1 a6 15. g4 exf4 16. Bxf4 Bd7 17. h4 b5 18. Rdf1 Qa5 19. Kb1 bxc4 20. h5 Nc7 21. hxg6 hxg6 22. g5 Rab8 23. gxf6 Bxf6 24. e5 Bf5+ 25. Ka1 dxe5 26. Bxe5 Rb4 27. Bxf6 Rxf6 28. Ne5 Nb5 29. Nc6 Qc7 30. Nxb4 cxb4 31. Nxb5 axb5 32. Qxb4 Qe5 33. Bf3 Bd3 34. Re1 Qd4 35. Bh1 Ra6 36. Rg2 Qa7 37. a3 Qd4 38. Rd2 Ra4 39. Qc3 Qxc3 40. bxc3 Rxa3+ 41. Ra2 Rxc3 42. d6 Bf5 43. Bd5+ Kh7 44. Rh1+ Nh5 45. Ra7+ Kh6 46. d7 Bxd7 47. Rxd7 Kg5 48. Bc6 Nf4 49. Rb7 Ra3+ 50. Kb2 Rb3+ 51. Kc2 Ne6 52. Rg1+ Kf6 53. Rd7 b4 54. Rb1 Nc5 55. Rf1+ Ke6 56. Re1+ Kf6 57. Rd6+ Kg7 58. Rg1 Rc3+ 59. Kd2 Ra3 60. Rdxg6+ Kf8 61. Rf1+ Ke7 62. Rfg1 c3+ 63. Kd1 c2+ 64. Kd2 Rc3 65. Rg7+ Kd6 66. R7g6+ Ne6 67. Rxe6+ Kxe6 68. Kc1 Rxc6 69. Rg6+ Kd5 1/2-1/2